Регионална библиотека "Любен Каравелов" - Русе

Сборник от разни съчинения (Запис номер 155295)

MARC детайли
000 -Лидер
Контролно поле с фиксирана дължина 02012nam a2200349 c 4500
003 - Код на организацията, давaща контролен номер
Контролно поле BLK
005 - Дата и час на последна редакция
Контролно поле 20190322091629.0
008 - Елементи от данни с фиксирана дължина
fixed length control field 180410b bul|||||r ||||||| ||bul||
010 ## - Наследен системен номер
LC control number KNG00161969000
040 ## - Източник на каталожния запис
Идентификатор на билиотеката - собственик на записа BLK
041 ## - Код за език
Код за езика на текст/звукозапис или на отделно заглавие Български
Код за езика КДБФ Български
072 #7 - Код за тематичната категория
Код организация bullib
Код за тематична категория С
Текст Старопечатен фонд
080 ## - УДК
Текстов определител УДК Разпространяване на научните знания - популяризиране на науката, занимателна наука, учение за явленията научно необяснени, заблуждения и фалшификации, илюзии и др. п., секретност на научните знания
УДК код - определител по УДК 001.9
УДК определител
УДК - код + определител 001.9
100 1# - Редна дума - Автор
Автор Войников, Добри Попов
Авторска отговорност първи автор
R(LIN) 376508
139 ## - Редно поле
Редна дума Войников, Добри Попов
Авторски знак Воини - В 80
245 10 - Сведения за заглавието
Заглавие Сборник от разни съчинения
Подзаглавни данни Исчерпени из француската литература и преведени с прибавления на няколко български съчиненияза пример на младите,что ся занимават с писменост от Добря В. Попова и издаден от Р.И.Блъскова
Редно поле (дума) Добри Попов Войников; изд. Рашко Илиев Блъсков.
250 ## - Област на изданието
Сведения за изданието 1. изд.
257 ## - Страна на издаване
Страна на създаване/издаване България
260 ## - Област на издателските данни
-- Цариград, Галата
Година на издаване 1860
Печатница Цариград, Галата : В книгопечатницата на Д. Цанков
300 ## - Физическа характеристика
Страници [6] , VІ, 238 с.
Размери/Мащаб 22 см
380 ## - Жанр
Жанр Общ отдел
650 #4 - Допълнително описание по предмет – тема
Основно описание – тема или топоним Литература - популярна литература
9 (RLIN) 261716
651 #4 - Допълнително описание по предмет - топоним
Географско понятие България
9 (RLIN) 241624
653 ## - Ключова дума – ненормативна
Ключова дума научно-популярни книги
659 ## - Тематичен бюлетин
Тематичен бюлетин С
700 1# - Други автори (авторска отговорност)
Лично име Блъсков, Рашко Илиев
Автороска отговорност (Описва отношението между автора и произведението) изд.
9 (RLIN) 381019
852 ## - Местоположение
Форматна сигнатура Цб Ст 1086 * 520
856 4# - Електронен адрес и достъп
Електронен формат pdf - файл
Път до файла /url/
856 4# - Електронен адрес и достъп
Електронен формат pdf - файл
Път до файла /url/
942 ## - АРТИКУЛИ
Вид на библиотечния материал Книги
Скрит в OPAC Не
Koha issues (borrowed), all copies 1
944 ## - СЪЗДАВАНЕ И РЕДАКЦИЯ на ЗАПИСА
Създаване/Редакция Създаване
Дата на регистрацията/редакция 12.06.2014
Служител, извършил регистрацията/редакцията Христина_Везирева
944 ## - СЪЗДАВАНЕ И РЕДАКЦИЯ на ЗАПИСА
Създаване/Редакция Редакция
Дата на регистрацията/редакция 12.06.2014
Служител, извършил регистрацията/редакцията
999 ## - СИСТЕМНИ КОНТРОЛНИ НОМЕРА
Koha biblionumber 155295
Koha biblioitemnumber 155295
Наличности
Код за отписване Код за изгубен артикул Източник на класификационната схема Код за повреда Коз за рестрикции Код за отдаване Артикулен № Име на библиотеката - собственик Име на библиотеката, в която се намира в момента Статус (Текущо местоположение) Дата на вписване в системата Местоположение - отдел Цена в лева Инвентарен номер Систематично азбучна сигнатура Баркод Номер на екземпляра Цена в евро Служебна бележка Служебен тип на артикула
  Не е изгубен Universal Decimal Classification Не е повреден само за читалня Специални фондове ( старопечатни, редки и ценни, фонд М. Арнаудов) 260403 Регионална библиотека "Любен Каравелов" Русе Регионална библиотека "Любен Каравелов" Русе Старопечатен фонд 1860-01-01 Старопечатен фонд 1.95 13624/58-ст Цб Ст 1086 * 520 900000000140 1 1.00 Дост: DA Вид: Сф Дата: 01.01.1860 Дата инв: 02.04.2018 Бележки инв: СТ2018 Книги
Vip Innovations Ltd, Rousse, Bulgaria 2025